000 01184nam a2200241 a 4500
001 000034733
005 20260401094258.0
008 111019s1939 pr 000 0 spa d
040 _aDO-SdBNP
_bspa
_cBNPHU
082 _a305.8
_bC834r
100 1 _aCosío Villegas, Daniel
_d1893-
_960200
245 1 0 _aRaza y racismo /
_cDaniel Cosío Villegas; versión española de Manuel Martínez Báez.
260 _aMexico :
_bFondo de Cultural Económica,
_c1939.
300 _a170 p. ;
_c20 cm.
490 1 _aSección de Economía, del Fondo de Cultural Económica dirigida por Daniel Cosío Villegas
505 0 _tRacismo y antropología --
_tLa raza y la sangre --
_tLa raza y la herencia --
_tEl mito de la raza --
_tRacismo y política extranjera --
_tEl racismo y la lucha de clases --
_tConceptos positivos que se oponen al racismo
590 _aPerteneció a la biblioteca personal de Juan Isidro Jimenes Grullón
650 0 _aRAZAS HUMANAS
_926021
650 0 _aRacismo
_92279
700 1 2 _aMartínez Báez, Manuel.
_960201
830 0 _aSección de Economía, del Fondo de Cultural Económica dirigida por Daniel Cosío Villegas
_960202
910 _aValidado. Control de calidad MFF
999 _c34224
_d34224